<?xml version="1.0" encoding="UTF-8"?><?xml-stylesheet type="text/xsl" href="static/style.xsl"?><OAI-PMH xmlns="http://www.openarchives.org/OAI/2.0/" xmlns:xsi="http://www.w3.org/2001/XMLSchema-instance" xsi:schemaLocation="http://www.openarchives.org/OAI/2.0/ http://www.openarchives.org/OAI/2.0/OAI-PMH.xsd"><responseDate>2026-06-29T02:43:57Z</responseDate><request verb="GetRecord" identifier="oai:docta.ucm.es:20.500.14352/126267" metadataPrefix="marc">https://docta.ucm.es/rest/oai/request</request><GetRecord><record><header><identifier>oai:docta.ucm.es:20.500.14352/126267</identifier><datestamp>2025-11-20T01:01:48Z</datestamp><setSpec>com_20.500.14352_14</setSpec><setSpec>col_20.500.14352_15</setSpec></header><metadata><record xmlns="http://www.loc.gov/MARC21/slim" xmlns:dcterms="http://purl.org/dc/terms/" xmlns:xsi="http://www.w3.org/2001/XMLSchema-instance" xmlns:doc="http://www.lyncode.com/xoai" xsi:schemaLocation="http://www.loc.gov/MARC21/slim http://www.loc.gov/standards/marcxml/schema/MARC21slim.xsd">
   <leader>00925njm 22002777a 4500</leader>
   <datafield ind2=" " ind1=" " tag="042">
      <subfield code="a">dc</subfield>
   </datafield>
   <datafield ind2=" " ind1=" " tag="720">
      <subfield code="a">Vieira, Manuel</subfield>
      <subfield code="e">author</subfield>
   </datafield>
   <datafield ind2=" " ind1=" " tag="720">
      <subfield code="a">Mahdi, Salih</subfield>
      <subfield code="e">author</subfield>
   </datafield>
   <datafield ind2=" " ind1=" " tag="720">
      <subfield code="a">Casas Gallego, Manuel</subfield>
      <subfield code="e">author</subfield>
   </datafield>
   <datafield ind2=" " ind1=" " tag="720">
      <subfield code="a">Fenton, Jim</subfield>
      <subfield code="e">author</subfield>
   </datafield>
   <datafield ind2=" " ind1=" " tag="260">
      <subfield code="c">2018-11</subfield>
   </datafield>
   <datafield ind2=" " ind1=" " tag="520">
      <subfield code="a">Three dinoflagellate cysts species are formally described from Selandian and Danian sedimentary rocks of the North Sea and Norwegian Sea. The taxa are well known within the regional biostratigraphy community as important age markers, but have never been formally described. Thalassiphora lacunata sp. nov. differs from Thalassiphora delicata by possessing large, subcircular openings on the dorsal surface of the periphragm. For Spiniferites magnificus sp. nov., the morphology of the processes and the development of high sutural crests are the main diagnostic features to distinguish this species from other species of the genus Spiniferites. Operculodinium magnum sp. nov. differs from other Operculodinium species by its larger size and thicker wall, but also the distinctive numerous solid, fibrous processes. Spiniferites magnificus sp. nov. and O. magnum sp. nov. have a stratigraphic range restricted to the Danian. Thalassiphora lacunata sp. nov. has a short stratigraphic range mainly restricted to the early Selandian.</subfield>
   </datafield>
   <datafield ind1="8" ind2=" " tag="024">
      <subfield code="a">Vieira, M., Mahdi, S., Casas-Gallego, M., &amp; Fenton, J. (2018). Three new paleocene dinoflagellate cysts from the north sea and the norwegian sea. Review of Palaeobotany and Palynology, 258, 256-264. https://doi.org/10.1016/j.revpalbo.2018.09.002</subfield>
   </datafield>
   <datafield ind1="8" ind2=" " tag="024">
      <subfield code="a">0034-6667</subfield>
   </datafield>
   <datafield ind1="8" ind2=" " tag="024">
      <subfield code="a">10.1016/j.revpalbo.2018.09.002</subfield>
   </datafield>
   <datafield ind1="8" ind2=" " tag="024">
      <subfield code="a">https://hdl.handle.net/20.500.14352/126267</subfield>
   </datafield>
   <datafield ind1="8" ind2=" " tag="024">
      <subfield code="a">1879-0615</subfield>
   </datafield>
   <datafield ind1="8" ind2=" " tag="024">
      <subfield code="a">https://doi.org/10.1016/j.revpalbo.2018.09.002</subfield>
   </datafield>
   <datafield ind1="8" ind2=" " tag="024">
      <subfield code="a">https://www.sciencedirect.com/science/article/pii/S0034666718300307</subfield>
   </datafield>
   <datafield ind2="0" ind1="0" tag="245">
      <subfield code="a">Three new Paleocene dinoflagellate cysts from the North Sea and the Norwegian Sea</subfield>
   </datafield>
</record></metadata></record></GetRecord></OAI-PMH>